<?xml version="1.0" encoding="UTF-8"?><?xml-stylesheet type="text/xsl" href="static/style.xsl"?><OAI-PMH xmlns="http://www.openarchives.org/OAI/2.0/" xmlns:xsi="http://www.w3.org/2001/XMLSchema-instance" xsi:schemaLocation="http://www.openarchives.org/OAI/2.0/ http://www.openarchives.org/OAI/2.0/OAI-PMH.xsd"><responseDate>2026-04-17T05:16:55Z</responseDate><request verb="GetRecord" identifier="oai:www.recercat.cat:10256/22242" metadataPrefix="marc">https://recercat.cat/oai/request</request><GetRecord><record><header><identifier>oai:recercat.cat:10256/22242</identifier><datestamp>2024-06-06T08:10:09Z</datestamp><setSpec>com_2072_452966</setSpec><setSpec>com_2072_2054</setSpec><setSpec>col_2072_452969</setSpec></header><metadata><record xmlns="http://www.loc.gov/MARC21/slim" xmlns:dcterms="http://purl.org/dc/terms/" xmlns:xsi="http://www.w3.org/2001/XMLSchema-instance" xmlns:doc="http://www.lyncode.com/xoai" xsi:schemaLocation="http://www.loc.gov/MARC21/slim http://www.loc.gov/standards/marcxml/schema/MARC21slim.xsd">
   <leader>00925njm 22002777a 4500</leader>
   <datafield ind2=" " ind1=" " tag="042">
      <subfield code="a">dc</subfield>
   </datafield>
   <datafield ind2=" " ind1=" " tag="720">
      <subfield code="a">Fernández González, Jonah</subfield>
      <subfield code="e">author</subfield>
   </datafield>
   <datafield ind2=" " ind1=" " tag="260">
      <subfield code="c">2022-09-01</subfield>
   </datafield>
   <datafield ind2=" " ind1=" " tag="520">
      <subfield code="a">Stress is a problem that is widespread throughout the world, dubbed by the&#xd;
World Health Organization as the Health Epidemic of the 21st Century. Although&#xd;
it is natural to have a certain level of stress due to the challenges we face on&#xd;
a daily basis, stress is not only caused by factors external to the individual, in&#xd;
many cases it is related to the way we interact with the environment and the&#xd;
internal processes involved. In Europe alone, more than 50% of workers and&#xd;
students suffer from stress.&#xd;
This Master Thesis aimed to detect stress and relaxation states from EEG&#xd;
data acquired with the Neuroelectrics Enobio device and contrast them with&#xd;
other physiological signals, in this case the electrocardiogram (ECG) and galvanic skin response (GSR) acquired with the Biopac MP36 system. While previous studies with EEG focus on predicting stress with this signal alone, this&#xd;
project aims to contrast prediction results with EEG data and other physiological data (ECG and EDA), acquired simultaneously in the same experiment, to&#xd;
assess whether this combination provides a significant benefit that the signals&#xd;
do not provide separately.&#xd;
At the same time, the performance of different Machine Learning and Deep&#xd;
Learning techniques were investigated to corroborate which one is the most suitable to achieve the proposed goals. The models used were LightGBM, a 16-layer&#xd;
CNN, a KNN with Grid Search for Hyperparameter Tuning and a non-linear SVM</subfield>
   </datafield>
   <datafield ind1="8" ind2=" " tag="024">
      <subfield code="a">http://hdl.handle.net/10256/22242</subfield>
   </datafield>
   <datafield tag="653" ind2=" " ind1=" ">
      <subfield code="a">Estrès</subfield>
   </datafield>
   <datafield tag="653" ind2=" " ind1=" ">
      <subfield code="a">Stress (Physiology)</subfield>
   </datafield>
   <datafield tag="653" ind2=" " ind1=" ">
      <subfield code="a">Electrocardiografia</subfield>
   </datafield>
   <datafield tag="653" ind2=" " ind1=" ">
      <subfield code="a">Electrocardiography</subfield>
   </datafield>
   <datafield tag="653" ind2=" " ind1=" ">
      <subfield code="a">Relaxació</subfield>
   </datafield>
   <datafield tag="653" ind2=" " ind1=" ">
      <subfield code="a">Relaxation</subfield>
   </datafield>
   <datafield ind2="0" ind1="0" tag="245">
      <subfield code="a">Human stress detection using EEG signals</subfield>
   </datafield>
</record></metadata></record></GetRecord></OAI-PMH>